El 'Servei de Biblioteques del Front' de la Generalitat de Catalunya : llibres per als combatents / S. B. llibres per als combatents / S. B.
Publicado:
Meridia (7 octubre 1938), pàg. 6 :
Descripción Física:
il. ; 47 cm
MARC
| LEADER | 00000nam a2200000Ia 4500 | ||
|---|---|---|---|
| 001 | 23236 | ||
| 008 | 160829s9999 xx 000 0 cat d | ||
| 080 | |a FU-48-7 | ||
| 100 | |a B., S. |9 48054 | ||
| 245 | |a El 'Servei de Biblioteques del Front' de la Generalitat de Catalunya : |b llibres per als combatents / S. B. | ||
| 260 | |a Meridia (7 octubre 1938), pàg. 6 | ||
| 300 | |a il. ; |c 47 cm | ||
| 590 | |a Secció de la revista: Les lletres. | ||
| 590 | |a Prové de Q-327, exp. 6. | ||
| 590 | |a Disponible en versió digitalitzada | ||
| 610 | 1 | 0 | |a Catalunya. |b Servei de Biblioteques del Front |9 53093 |
| 651 | 0 | |a Catalunya |x Història |y 1936-1939, Guerra Civil |9 54678 | |
| 856 | |u #M:\BibliotecaDigitalitzada\R023\R023236\R23236.jpg ; #M:\BibliotecaDigitalitzada\R023\R023236\R23236.pdf | ||
| 901 | |a Arxiu | ||
| 942 | |n 1 | ||
| 952 | |0 0 |1 0 |4 0 |6 FU487 |7 1 |9 54292 |a Arxiu |b Arxiu |d 2016-12-01 |l 0 |o FU-48-7 |p 23236 |r 2016-12-01 00:00:00 |w 2016-12-01 |y ARXIU | ||
| 999 | |c 58161 |d 58161 | ||